000 00693nam a2200217Ii 4500
003 JO-AjNU
008 230606s9999||||xx |||||||||||||| ||und||
020 _a978-1-138-81368-7/ 978-1-138-81367-0
040 _aJO-AjNU
_beng
_erda
_cJO-AjNU
041 _aeng
050 1 4 _aHB615 2018
100 3 _aBouchard, Veronique, Alain Fayolle. ,
_eauthor
_95883
245 0 0 _aCorporate Entrepreneurship
250 _a1 ed
264 3 1 _aNew York: Routledge ,2018
300 _a166p
_bIncludes bibliographical
336 _atext
_btxt
_2rdacontent
337 _aunmediated
_bn
_2rdamedia
338 _avolume
_bnc
_2rdacarrier
650 4 _aEntrepreneurship - teams in the workplace - management
_95884
999 _aE3053
_c3050
_d3050